00533nam a2200169Ia 4500008004100000100001900041245009300060260000900153300001300162504000800175650001600183650002500199650002000224650004700244700003600291773003600327181130s2018 xx 000 0 und d aKumar, Sandeep aNature and extent of agriculture diversification and economic growth in Himachal Pradesh c2018 ap.13-23. dApr aAgriculture aCrop diversification aEconomic growth aEconomic growth - India - Himachal Pradesh aSingh, Ranveer and Sharma, Amit aAgricultural Situation in India